Zukunftstrategien grossen Sparkassen.
Zmenené podmienky činnosti veľkých sporiteľní (požiadavky na vlastný kapitál, zostrenie konkurencie v ES..). Nová strategická koncepcia (štruktúra zákazníkov, nová organizácia filiálok, zmeny v ponuke služieb). Strategické, strednodobé a ročné plánovanie. Obchod s peniazmi, devízami a cennými papier...
Salvato in:
| Autore principale: | |
|---|---|
| Natura: | Capitolo di libro |
| Lingua: | tedesco |
| Soggetti: | |
| Tags: |
Nessun Tag, puoi essere il primo ad aggiungerne!!
|
MARC
| LEADER | 00000naa a2200000 4500 | ||
|---|---|---|---|
| 001 | r008994 | ||
| 005 | 20221208123518.1 | ||
| 041 | 0 | |a ger | |
| 044 | |a DE | ||
| 245 | 1 | 0 | |a Zukunftstrategien grossen Sparkassen. |c W. Zügel |
| 520 | |a Zmenené podmienky činnosti veľkých sporiteľní (požiadavky na vlastný kapitál, zostrenie konkurencie v ES..). Nová strategická koncepcia (štruktúra zákazníkov, nová organizácia filiálok, zmeny v ponuke služieb). Strategické, strednodobé a ročné plánovanie. Obchod s peniazmi, devízami a cennými papiermi. Platobný styk. Organizácia sporiteľní. Personálna práca. Vlastný kapitál. | ||
| 610 | 2 | 0 | |a sporiteľne |
| 610 | 2 | 0 | |a stratégia podniková |
| 610 | 2 | 0 | |a kapitál |
| 610 | 2 | 0 | |a riadenie strategické |
| 610 | 2 | 0 | |a štruktúra organizačná |
| 610 | 2 | 0 | |a ponuka |
| 610 | 2 | 0 | |a služby |
| 610 | 2 | 0 | |a výhľad dlhodobý |
| 610 | 2 | 0 | |a plánovanie podnikové |
| 610 | 2 | 0 | |a styk platobný |
| 610 | 2 | 0 | |a papiere cenné |
| 610 | 2 | 0 | |a práca personálna |
| 100 | 1 | |a Zügel, W. | |